00666nam a22002057a 4500010001500000020002700015035001400042037001300056082001000069100001800079245006400097260003700161270004500198300002700243500001900270505000600289942002400295999001900319952012200338 aENG-120497 a9788175332539c1295.00 aEN-104029 bDBAD/PUB a581.3 aLakshman, H C aBionoculants for integrated plant growth /cby H C Lakshman aNew DelhibMD Publicationsc2010 a"MD House", 11, DaryaganjbDelhie110002 axvii,549p. c23cm(Hb). aIncludes index a  2ddccENh581.3mLAK c144099d144099 001040708NFICaAVbAVd2017-09-06eDBAD/PUBg1295.00l0o581.3 LAKpEN-104029r2017-09-06 00:00:00t1v1295.00yEN